Strzelcy bramek w 4 kolejce Ekstraklasy 2020/21 - Statystyki

Ogólne statystyki
  • Ten quiz został rozwiązany 19 razy
  • Średni wynik to 14 z 23
Statystyki odpowiedzi
Hint Odpowiedź % Poprawnych
Podbeskidzie - Raków Częstochowa 1:0 Nowak
94%
Legia Warszawa - Górnik Zabrze 0:2 Nowak
94%
Podbeskidzie - Raków Częstochowa 1:4 Gutkovskis
88%
Lechia Gdańsk - Stal Mielec 1:0 Paixao
81%
Lechia Gdańsk - Stal Mielec 3:2 Paixao
81%
Podbeskidzie - Raków Częstochowa 1:2 Cebula
75%
Piast Gliwice - Jagiellonia Białystok 0:1 Imaz
75%
Legia Warszawa - Górnik Zabrze 0:3 Jimenez
75%
Lech Poznań - Warta Poznań 1:0 Moder
75%
Legia Warszawa - Górnik Zabrze 1:3 Slisz
69%
Wisła Kraków - Wisła Płock 0:3 Rasak
63%
Legia Warszawa - Górnik Zabrze 0:1 Sobczyk
63%
Pogoń Szczecin - Śląsk Wrocław 1:0 Kucharczyk
56%
Zagłębie Lubin - Cracovia 0:1 Rivaldinho
56%
Podbeskidzie - Raków Częstochowa 1:1 Schwarz
56%
Podbeskidzie - Raków Częstochowa 1:3 Schwarz
56%
Wisła Kraków - Wisła Płock 0:1 Uryga
56%
Lechia Gdańsk - Stal Mielec 1:2 Mak
50%
Lechia Gdańsk - Stal Mielec 4:2 Nalepa
50%
Lechia Gdańsk - Stal Mielec 2:2 Conrado
38%
Lechia Gdańsk - Stal Mielec 1:1 Getinger
38%
Wisła Kraków - Wisła Płock 0:2 Michalski
31%
Zagłebie Lubin - Cracovia 1:1 Simic
25%
Nie znaleziono quizów pasujących do podanych kryteriów
Rozkład punktacji
Procent ludzi z każdym wynikiem
Percentyl według liczby udzielonych odpowiedzi
Twoja historia wyników
Nie rozwiązałeś tego quizu